[Event "Torneo de Benidorm sub 2000 2019"]
[Site "Benidorm ESP"]
[Date "2019.12.04"]
[Round "6.7"]
[White "Van Hoecke, Luc"]
[Black "Hamilton, Douglas"]
[Result "1/2-1/2"]
[WhiteElo "1968"]
[BlackElo "1836"]
[PlyCount "40"]
[EventDate "2019.11.29"]
[EventType "swiss"]
[EventRounds "10"]
[EventCountry "ESP"]
[SourceTitle "Ajedrez en Madrid"]
[Source "lmi"]
[SourceDate "2019.11.30"]
[SourceVersion "1"]
[SourceVersionDate "2019.12.08"]
[SourceQuality "1"]

1. c4 f5 2. Nc3 Nf6 3. d3 e5 4. e4 d6 5. g3 Nc6 6. Bg2 Be7 7. Nge2 O-O 8. O-O
Qe8 9. Nd5 Bd8 10. h3 Qg6 11. Kh2 fxe4 12. Nxf6+ Rxf6 13. dxe4 Qf7 14. Qa4 Rxf2
15. Be3 Rxf1 16. Rxf1 Bf6 17. Nc3 Be6 18. Nd5 Bxd5 19. cxd5 Nd4 20. h4 Qe7
1/2-1/2

[Event "Torneo de Benidorm sub 2000 2019"]
[Site "Benidorm ESP"]
[Date "2019.12.04"]
[Round "6.8"]
[White "Blondel, Jerome"]
[Black "Nazarov, Alexander"]
[Result "0-1"]
[WhiteElo "1847"]
[BlackElo "1943"]
[PlyCount "122"]
[EventDate "2019.11.29"]
[EventType "swiss"]
[EventRounds "10"]
[EventCountry "ESP"]
[SourceTitle "Ajedrez en Madrid"]
[Source "lmi"]
[SourceDate "2019.11.30"]
[SourceVersion "1"]
[SourceVersionDate "2019.12.08"]
[SourceQuality "1"]

1. b3 d5 2. Bb2 c5 3. e3 Nc6 4. Nf3 Nf6 5. Bb5 Qb6 6. Na3 a6 7. Be2 Qc7 8. c4
e6 9. O-O Be7 10. d4 cxd4 11. cxd5 Nxd5 12. Nxd4 Nxd4 13. Qxd4 Bf6 14. Qd2 b5
15. Bxf6 Nxf6 16. Bf3 Bb7 17. Rac1 Qe7 18. Bxb7 Qxb7 19. Qd6 Rd8 20. Qc6+ Qxc6
21. Rxc6 Ra8 22. f3 Nd5 23. Rfc1 O-O 24. Nc2 Rfc8 25. Nd4 Rxc6 26. Rxc6 Nxe3
27. a4 bxa4 28. bxa4 Kf8 29. a5 Ke8 30. Nb3 Rb8 31. Rb6 Rxb6 32. axb6 Kd7 33.
Nc5+ Kc6 34. b7 Kc7 35. Nxa6+ Kxb7 36. Nc5+ Kc6 37. Ne4 f6 38. Kf2 Nd5 39. g3
e5 40. h4 Kd7 41. g4 Ke6 42. Nc5+ Ke7 43. Ne4 Nf4 44. h5 f5 45. Ng3 Nd3+ 46.
Ke2 Nf4+ 47. Kf2 fxg4 48. fxg4 Nh3+ 49. Ke3 Ng5 50. Nf5+ Kf6 51. Nd6 g6 52.
hxg6 Kxg6 53. Nf5 Kf6 54. Ng3 Ke6 55. Nf5 Nf7 56. Ng3 Nd6 57. Nh5 Kf7 58. Kf3
Kg6 59. Kg3 Ne4+ 60. Kf3 Nf6 61. Ng3 Kg5 0-1

[Event "Torneo de Benidorm sub 2000 2019"]
[Site "Benidorm ESP"]
[Date "2019.12.04"]
[Round "6.9"]
[White "Izagirre Alsua, Aritz"]
[Black "Malek, Yuriy"]
[Result "0-1"]
[WhiteElo "1881"]
[BlackElo "1930"]
[PlyCount "68"]
[EventDate "2019.11.29"]
[EventType "swiss"]
[EventRounds "10"]
[EventCountry "ESP"]
[SourceTitle "Ajedrez en Madrid"]
[Source "lmi"]
[SourceDate "2019.11.30"]
[SourceVersion "1"]
[SourceVersionDate "2019.12.08"]
[SourceQuality "1"]

1. e4 e5 2. Nf3 Nf6 3. Nxe5 d6 4. Nf3 Nxe4 5. Nc3 Nxc3 6. bxc3 Be7 7. d4 d5 8.
Ne5 Nd7 9. f4 O-O 10. Bd3 c5 11. O-O c4 12. Be2 Nf6 13. Bf3 Bf5 14. a4 Ne4 15.
g4 Bd7 16. Bxe4 dxe4 17. Qe2 Be6 18. Qxe4 Bd5 19. Qe2 Re8 20. Qf2 Bh4 21. Qd2
f6 22. Nf3 Bxf3 23. Rxf3 Be1 24. Qg2 Bxc3 25. Rb1 Re1+ 26. Rf1 Qxd4+ 27. Kh1
Rxf1+ 28. Qxf1 Qd5+ 29. Qg2 Qd1+ 30. Qg1 Qxc2 31. Rxb7 Rd8 32. h3 Rd1 33. Rb8+
Kf7 34. Ba3 Rxg1+ 0-1

[Event "Torneo de Benidorm sub 2000 2019"]
[Site "Benidorm ESP"]
[Date "2019.12.04"]
[Round "6.10"]
[White "Wlogalski, Olivier"]
[Black "Marchenko, Valentyn"]
[Result "0-1"]
[WhiteElo "1858"]
[BlackElo "1915"]
[PlyCount "56"]
[EventDate "2019.11.29"]
[EventType "swiss"]
[EventRounds "10"]
[EventCountry "ESP"]
[SourceTitle "Ajedrez en Madrid"]
[Source "lmi"]
[SourceDate "2019.11.30"]
[SourceVersion "1"]
[SourceVersionDate "2019.12.08"]
[SourceQuality "1"]

1. c4 e6 2. Nf3 f5 3. g3 Nf6 4. Bg2 d5 5. d3 c6 6. cxd5 exd5 7. O-O Bd6 8. b3
O-O 9. Ba3 Re8 10. Bxd6 Qxd6 11. Nbd2 Nbd7 12. Re1 f4 13. Rc1 Nf8 14. Qc2 Ng6
15. e4 fxe3 16. fxe3 Bg4 17. e4 Bxf3 18. Nxf3 Rad8 19. Nd2 dxe4 20. Nxe4 Qd4+
21. Kh1 Nxe4 22. Rxe4 Rxe4 23. Bxe4 Ne5 24. Rd1 Ng4 25. Rd2 Ne3 26. Qb2 Rf8 27.
Bg2 Qg4 28. Be4 Rf1# 0-1

[Event "Torneo de Benidorm sub 2000 2019"]
[Site "Benidorm ESP"]
[Date "2019.12.04"]
[Round "6.11"]
[White "Nilsson, Weine"]
[Black "Santamaria Baeza, Adolfo"]
[Result "1-0"]
[WhiteElo "1913"]
[BlackElo "1834"]
[PlyCount "98"]
[EventDate "2019.11.29"]
[EventType "swiss"]
[EventRounds "10"]
[EventCountry "ESP"]
[SourceTitle "Ajedrez en Madrid"]
[Source "lmi"]
[SourceDate "2019.11.30"]
[SourceVersion "1"]
[SourceVersionDate "2019.12.08"]
[SourceQuality "1"]

1. Nf3 Nc6 2. g3 e5 3. d3 d5 4. Bg2 Nf6 5. O-O Be7 6. Nbd2 Bf5 7. c4 d4 8. Qa4
Qd6 9. Nxe5 Qxe5 10. Bxc6+ Bd7 11. Bxd7+ Nxd7 12. Nf3 Qxe2 13. Kg2 Kd8 14. Re1
Qxd3 15. Qxd7+ Kxd7 16. Ne5+ Kd8 17. Nxd3 Bf6 18. Bf4 a5 19. Be5 Ra6 20. Re4
Re8 21. Rxd4+ Kc8 22. Bxf6 Rxf6 23. Re1 Rxe1 24. Nxe1 c5 25. Rd5 b6 26. f3 Kc7
27. Kf2 Kc6 28. Nd3 Kc7 29. h4 Re6 30. Nf4 Re8 31. g4 Kc6 32. Nd3 f6 33. Rh5 h6
34. Rd5 Re7 35. g5 fxg5 36. hxg5 a4 37. gxh6 gxh6 38. Rf5 Re6 39. Nf4 Rd6 40.
Nd5 b5 41. b3 axb3 42. axb3 bxc4 43. bxc4 Re6 44. Rf6 Kd6 45. f4 h5 46. Kg3 Kd7
47. Rxe6 Kxe6 48. Kh4 Kf5 49. Kxh5 Ke6 1-0

[Event "Torneo de Benidorm sub 2000 2019"]
[Site "Benidorm ESP"]
[Date "2019.12.04"]
[Round "6.12"]
[White "Iglesias Ferreira, Andres"]
[Black "Glebova, Anastasia"]
[Result "1-0"]
[WhiteElo "1850"]
[BlackElo "1908"]
[PlyCount "41"]
[EventDate "2019.11.29"]
[EventType "swiss"]
[EventRounds "10"]
[EventCountry "ESP"]
[SourceTitle "Ajedrez en Madrid"]
[Source "lmi"]
[SourceDate "2019.11.30"]
[SourceVersion "1"]
[SourceVersionDate "2019.12.08"]
[SourceQuality "1"]

1. e4 c5 2. Nc3 Nc6 3. g3 g6 4. Bg2 Bg7 5. d3 e6 6. Be3 d6 7. Qd2 Rb8 8. Nge2
b5 9. O-O Bd7 10. h3 Nd4 11. Nc1 Bc6 12. Nd1 b4 13. c3 bxc3 14. bxc3 Nb5 15.
Ne2 Ne7 16. Bh6 O-O 17. Bxg7 Kxg7 18. Ne3 d5 19. e5 d4 20. Ng4 Bxg2 21. Qh6+
1-0

[Event "Torneo de Benidorm sub 2000 2019"]
[Site "Benidorm ESP"]
[Date "2019.12.04"]
[Round "6.13"]
[White "Shreyas S, Nikam"]
[Black "Rincon Carrillo, Ricardo"]
[Result "1-0"]
[WhiteElo "1839"]
[BlackElo "1907"]
[PlyCount "61"]
[EventDate "2019.11.29"]
[EventType "swiss"]
[EventRounds "10"]
[EventCountry "ESP"]
[SourceTitle "Ajedrez en Madrid"]
[Source "lmi"]
[SourceDate "2019.11.30"]
[SourceVersion "1"]
[SourceVersionDate "2019.12.08"]
[SourceQuality "1"]

1. d4 Nf6 2. Nf3 g6 3. Bf4 Bg7 4. e3 d6 5. h3 O-O 6. Be2 c5 7. c3 cxd4 8. exd4
Qb6 9. Qb3 Qxb3 10. axb3 Nd5 11. Bh2 Nc6 12. b4 Bh6 13. b5 Nd8 14. O-O Nf4 15.
Bc4 Be6 16. Nbd2 Bxc4 17. Nxc4 Nde6 18. Rfe1 Rfc8 19. Ra4 Nd5 20. Ncd2 Kf8 21.
Rea1 Ndc7 22. Rxa7 Rxa7 23. Rxa7 Rb8 24. b6 Nd5 25. Nc4 Bc1 26. Nxd6 Nef4 27.
Bxf4 Nxf4 28. Rxb7 Rxb7 29. Nxb7 Nd5 30. Na5 Nxb6 31. b3 1-0

[Event "Torneo de Benidorm sub 2000 2019"]
[Site "Benidorm ESP"]
[Date "2019.12.04"]
[Round "6.15"]
[White "Almonti, Alessandro"]
[Black "Tusu, Nicolae-Dan"]
[Result "1-0"]
[WhiteElo "1989"]
[BlackElo "1817"]
[PlyCount "69"]
[EventDate "2019.11.29"]
[EventType "swiss"]
[EventRounds "10"]
[EventCountry "ESP"]
[SourceTitle "Ajedrez en Madrid"]
[Source "lmi"]
[SourceDate "2019.11.30"]
[SourceVersion "1"]
[SourceVersionDate "2019.12.08"]
[SourceQuality "1"]

1. d4 f5 2. Nc3 Nf6 3. Bg5 d5 4. Bxf6 exf6 5. e3 c6 6. g3 Bd6 7. h4 O-O 8. h5
Qe8 9. Qf3 b5 10. Bd3 Qe6 11. Nh3 a5 12. O-O-O a4 13. Nf4 Bxf4 14. Qxf4 b4 15.
Nb1 Na6 16. Rh4 c5 17. Bxa6 Rxa6 18. dxc5 b3 19. cxb3 axb3 20. axb3 Ra1 21. Qd4
Bb7 22. Kc2 Qa6 23. Nc3 Rxd1 24. Qxd1 Rc8 25. b4 Bc6 26. Qd3 Qa1 27. b5 Ba8 28.
c6 Qg1 29. Qxd5+ Kh8 30. Rf4 Qh2 31. Rxf5 Qh3 32. Qd7 Rg8 33. Rd5 Qh2 34. Qf5
Qg2 35. h6 1-0

[Event "Torneo de Benidorm sub 2000 2019"]
[Site "Benidorm ESP"]
[Date "2019.12.04"]
[Round "6.16"]
[White "Carruana Fuentes, Rafael"]
[Black "Santos Folch, Adolfo"]
[Result "1-0"]
[WhiteElo "1855"]
[BlackElo "1988"]
[PlyCount "139"]
[EventDate "2019.11.29"]
[EventType "swiss"]
[EventRounds "10"]
[EventCountry "ESP"]
[SourceTitle "Ajedrez en Madrid"]
[Source "lmi"]
[SourceDate "2019.11.30"]
[SourceVersion "1"]
[SourceVersionDate "2019.12.08"]
[SourceQuality "1"]

1. d4 Nf6 2. c4 e5 3. dxe5 Ng4 4. e3 Nxe5 5. f4 Ng6 6. Nc3 Nc6 7. Bd2 b6 8. Nf3
Bb7 9. a3 a5 10. Qc2 Be7 11. Be2 O-O 12. O-O Bf6 13. Nd5 Re8 14. Rae1 h6 15. b3
Nh4 16. Nxf6+ Qxf6 17. Bc3 Qe7 18. Nxh4 Qxh4 19. Bf3 Qe7 20. Bb2 Qc5 21. Qc3 f6
22. Kh1 b5 23. Bd5+ Kh8 24. e4 b4 25. Qg3 bxa3 26. Ba1 Nd8 27. Bxb7 Nxb7 28. e5
fxe5 29. Bxe5 Qf8 30. f5 d6 31. Bc3 Rxe1 32. Rxe1 Qf7 33. f6 gxf6 34. Qf3 d5
35. Bxf6+ Kg8 36. Re7 Qg6 37. Rg7+ Qxg7 38. Bxg7 Kxg7 39. Qc3+ Kg6 40. cxd5 Re8
41. h3 Nd6 42. Qxa5 Re7 43. Qxa3 h5 44. Kh2 h4 45. Qc1 Nf5 46. Qf4 Rf7 47. Qg4+
Kf6 48. Kg1 Rg7 49. Qf4 Re7 50. Kf2 Kg6 51. b4 Rf7 52. Qg4+ Kh6 53. Ke1 Rf6 54.
Kd2 Rf7 55. Kd3 Nd6 56. Qxh4+ Kg6 57. Qg4+ Kh7 58. g3 Rg7 59. Qh4+ Kg6 60. g4
Rh7 61. Qg3 Kg5 62. Kd4 Re7 63. h4+ Kg6 64. Qf3 Rf7 65. Qe3 Nb5+ 66. Kc5 Nd6
67. h5+ Kh7 68. g5 Nb7+ 69. Kd4 Nd6 70. g6+ 1-0

[Event "Torneo de Benidorm sub 2000 2019"]
[Site "Benidorm ESP"]
[Date "2019.12.04"]
[Round "6.17"]
[White "De Lucas Bello, Federico"]
[Black "Camison Zornoza, Cesar"]
[Result "1-0"]
[WhiteElo "1974"]
[BlackElo "1830"]
[PlyCount "85"]
[EventDate "2019.11.29"]
[EventType "swiss"]
[EventRounds "10"]
[EventCountry "ESP"]
[SourceTitle "Ajedrez en Madrid"]
[Source "lmi"]
[SourceDate "2019.11.30"]
[SourceVersion "1"]
[SourceVersionDate "2019.12.08"]
[SourceQuality "1"]

1. e4 Nf6 2. e5 Nd5 3. d4 d6 4. Nf3 dxe5 5. Nxe5 c6 6. Be2 Nd7 7. Nd3 g6 8. c4
N5b6 9. c5 Nd5 10. Nc3 N7f6 11. O-O Bg7 12. a3 O-O 13. Ne5 Nxc3 14. bxc3 Qa5
15. Bb2 Ne4 16. Nc4 Qc7 17. Bd3 Nf6 18. Re1 Bg4 19. Qd2 Rad8 20. Ne5 Be6 21. a4
b6 22. Ba3 Nd7 23. cxb6 Nxb6 24. a5 Nc8 25. Bc5 Rd5 26. Qf4 Bxe5 27. Rxe5 Rxe5
28. dxe5 f6 29. Qe3 fxe5 30. Ba6 Rd8 31. h3 Re8 32. Bxc8 Rxc8 33. Bxa7 Bd5 34.
Bb6 Qd6 35. Bc5 Qc7 36. a6 Bc4 37. Qe4 Bd5 38. Qb4 e4 39. a7 Qd8 40. Rb1 e3 41.
fxe3 Bxg2 42. Qg4 Bd5 43. Qxc8 1-0

[Event "Torneo de Benidorm sub 2000 2019"]
[Site "Benidorm ESP"]
[Date "2019.12.04"]
[Round "6.18"]
[White "Oreshkin, Vladislav"]
[Black "Segura Del Frago, Imanol"]
[Result "0-1"]
[WhiteElo "1847"]
[BlackElo "1973"]
[PlyCount "112"]
[EventDate "2019.11.29"]
[EventType "swiss"]
[EventRounds "10"]
[EventCountry "ESP"]
[SourceTitle "Ajedrez en Madrid"]
[Source "lmi"]
[SourceDate "2019.11.30"]
[SourceVersion "1"]
[SourceVersionDate "2019.12.08"]
[SourceQuality "1"]

1. Nf3 d5 2. e3 Nf6 3. c4 e6 4. b3 Be7 5. Qc2 O-O 6. Bb2 c5 7. cxd5 exd5 8. d3
Nc6 9. a3 Bg4 10. Be2 Rc8 11. Nbd2 Re8 12. O-O Qd7 13. Rfe1 Qe6 14. Nf1 Bh5 15.
Rac1 h6 16. Bc3 Bg6 17. Qb2 Bf8 18. Ng3 Nd7 19. d4 b6 20. Bb5 Bh7 21. dxc5 bxc5
22. Rcd1 Rb8 23. a4 Rb6 24. Nh5 g5 25. Qd2 Be4 26. Ng3 a6 27. Nxe4 axb5 28.
Qxd5 Qxd5 29. Rxd5 Rxe4 30. Rxd7 bxa4 31. Nd2 Re8 32. bxa4 Ra8 33. Ra1 Rba6 34.
a5 Nxa5 35. Ne4 Bg7 36. Bxg7 Kxg7 37. Kf1 Nb3 38. Rxa6 Rxa6 39. Rc7 Ra5 40. Nd6
Kf6 41. Nxf7 c4 42. Nd6 Ra1+ 43. Ke2 Ra2+ 44. Kf3 Nd2+ 45. Kg3 Rc2 46. Rc6 Ke5
47. Nf7+ Kd5 48. Rxh6 Ne4+ 49. Kg4 Rxf2 50. g3 Rxf7 51. h4 c3 52. hxg5 c2 53.
g6 Rg7 54. Rh5+ Kc4 55. Rh8 c1=Q 56. Rc8+ Nc5 0-1

[Event "Torneo de Benidorm sub 2000 2019"]
[Site "Benidorm ESP"]
[Date "2019.12.04"]
[Round "6.19"]
[White "Ingunza Lopez, Txema"]
[Black "Bordes Ibañez, Juan"]
[Result "1/2-1/2"]
[WhiteElo "1815"]
[BlackElo "1961"]
[PlyCount "100"]
[EventDate "2019.11.29"]
[EventType "swiss"]
[EventRounds "10"]
[EventCountry "ESP"]
[SourceTitle "Ajedrez en Madrid"]
[Source "lmi"]
[SourceDate "2019.11.30"]
[SourceVersion "1"]
[SourceVersionDate "2019.12.08"]
[SourceQuality "1"]

1. e4 c5 2. Nf3 Nc6 3. d4 cxd4 4. Nxd4 Nf6 5. Nc3 d6 6. Bg5 e6 7. Qd2 Be7 8.
O-O-O O-O 9. f4 Nxd4 10. Qxd4 Qa5 11. Bc4 e5 12. Qd2 Bg4 13. Rde1 Rac8 14. Bb3
exf4 15. Bxf4 Rfd8 16. Kb1 Be6 17. Nd5 Qxd2 18. Nxe7+ Kf8 19. Bxd2 Kxe7 20. e5
dxe5 21. Bb4+ Kd7 22. Rxe5 Bxb3 23. axb3 Re8 24. Rd1+ Kc6 25. Rc5+ Kb6 26. Rxc8
Rxc8 27. Re1 Nd5 28. Bd2 Kc6 29. c4 Nf6 30. Kc2 a6 31. Bc3 Re8 32. Rxe8 Nxe8
33. Kd3 b5 34. Ke4 Nd6+ 35. Ke5 a5 36. cxb5+ Nxb5 37. Bxa5 Nd6 38. Bb4 Ne8 39.
Bf8 h5 40. h4 g6 41. b4 Kb5 42. b3 Kc6 43. Be7 Kb5 44. Kd5 Ng7 45. Ke5 Ne8 46.
Kf4 Kc6 47. Ke5 Kb5 48. Kd5 Kb6 49. Ke5 Kb5 50. g3 Kc6 1/2-1/2

[Event "Torneo de Benidorm sub 2000 2019"]
[Site "Benidorm ESP"]
[Date "2019.12.04"]
[Round "6.20"]
[White "Dinev, Dimiter"]
[Black "Sabater Robles, Rafael"]
[Result "0-1"]
[WhiteElo "1793"]
[BlackElo "1956"]
[PlyCount "100"]
[EventDate "2019.11.29"]
[EventType "swiss"]
[EventRounds "10"]
[EventCountry "ESP"]
[SourceTitle "Ajedrez en Madrid"]
[Source "lmi"]
[SourceDate "2019.11.30"]
[SourceVersion "1"]
[SourceVersionDate "2019.12.08"]
[SourceQuality "1"]

1. e4 c5 2. Nc3 d6 3. d3 Nf6 4. h3 g6 5. Be3 Bg7 6. Qd2 h6 7. g4 Nc6 8. Bg2 Rb8
9. Nge2 Qb6 10. Rb1 Nd4 11. Ng3 Nb5 12. Nce2 Na3 13. O-O Nxb1 14. Rxb1 Qc7 15.
Nc3 b5 16. f4 b4 17. Nd5 Nxd5 18. exd5 c4 19. Qf2 b3 20. axb3 cxd3 21. cxd3
Rxb3 22. Be4 Ba6 23. Qd2 Qb7 24. f5 gxf5 25. Nxf5 Bxb2 26. Qc2 Rb4 27. Re1 h5
28. g5 Qc8 29. Qg2 Rg8 30. h4 Qc3 31. Bd2 Qc5+ 32. Kh1 Rb3 33. Bf3 Be5 34. d4
Qc2 35. Ne3 Rxe3 36. Bxe3 Qc3 37. Qf2 Bg7 38. Bxh5 Rf8 39. Rc1 Qd3 40. Bf3 f5
41. Bh5+ Kd8 42. Qc2 Qxc2 43. Rxc2 Bd3 44. Ra2 Rh8 45. Bf7 Rxh4+ 46. Kg2 f4 47.
Bf2 Be4+ 48. Kf1 Rh1+ 49. Ke2 Rh2 50. Kd1 Bxd4 0-1

[Event "Torneo de Benidorm sub 2000 2019"]
[Site "Benidorm ESP"]
[Date "2019.12.04"]
[Round "6.21"]
[White "Selva Salvador, Antonio"]
[Black "Scala, Lijubomir"]
[Result "0-1"]
[WhiteElo "1804"]
[BlackElo "1952"]
[PlyCount "81"]
[EventDate "2019.11.29"]
[EventType "swiss"]
[EventRounds "10"]
[EventCountry "ESP"]
[SourceTitle "Ajedrez en Madrid"]
[Source "lmi"]
[SourceDate "2019.11.30"]
[SourceVersion "1"]
[SourceVersionDate "2019.12.08"]
[SourceQuality "1"]

1. d4 e6 2. Nf3 d5 3. Bf4 Nf6 4. e3 c5 5. c3 Nc6 6. Nbd2 Bd7 7. h3 Qb6 8. Qc2
Rc8 9. Rc1 cxd4 10. exd4 Be7 11. Qb1 O-O 12. Bd3 h6 13. O-O Rfd8 14. Kh1 Be8
15. Ne5 Nd7 16. Ndf3 Bf6 17. Rce1 g5 18. Bh2 Nf8 19. Nxc6 bxc6 20. Ne5 c5 21.
Ng4 Bg7 22. dxc5 Qxc5 23. f4 f5 24. Ne5 a5 25. fxg5 hxg5 26. Qc1 d4 27. c4 Qe7
28. b3 f4 29. g3 fxg3 30. Bxg3 Rc5 31. Qd1 Bxe5 32. Bxe5 Ng6 33. Bf6 Qh7 34.
Qg4 Rd6 35. Rxe6 Bd7 36. Rfe1 Rxe6 37. Rxe6 Qf7 38. Bxd4 Bxe6 39. Qe4 Bf5 40.
Qa8+ Rc8 41. Bf2 0-1

[Event "Torneo de Benidorm sub 2000 2019"]
[Site "Benidorm ESP"]
[Date "2019.12.04"]
[Round "6.22"]
[White "Rohan, Bharat Joshi"]
[Black "Viñas Serrano, Jordi"]
[Result "1-0"]
[WhiteElo "1944"]
[BlackElo "1818"]
[PlyCount "54"]
[EventDate "2019.11.29"]
[EventType "swiss"]
[EventRounds "10"]
[EventCountry "ESP"]
[SourceTitle "Ajedrez en Madrid"]
[Source "lmi"]
[SourceDate "2019.11.30"]
[SourceVersion "1"]
[SourceVersionDate "2019.12.08"]
[SourceQuality "1"]

1. e4 e6 2. d4 d5 3. Bd3 dxe4 4. Bxe4 Nf6 5. Bf3 c5 6. Ne2 Nc6 7. Be3 cxd4 8.
Nxd4 Nxd4 9. Qxd4 Qxd4 10. Bxd4 Be7 11. Nc3 Bd7 12. O-O-O Bc6 13. Bxc6+ bxc6
14. Bxf6 Bxf6 15. Rd6 Bxc3 16. bxc3 O-O 17. Rxc6 Rfc8 18. Rxc8+ Rxc8 19. Rd1 f5
20. Rd7 a5 21. Kd2 Rb8 22. c4 g6 23. Ra7 e5 24. Rxa5 Kf7 25. Rxe5 Ra8 26. Rb5
Rxa2 27. Rb7+ Ke6 1-0

[Event "Torneo de Benidorm sub 2000 2019"]
[Site "Benidorm ESP"]
[Date "2019.12.04"]
[Round "7.1"]
[White "Trabazos Gallego, Javier"]
[Black "Machin Arbelo, Pedro Alexis"]
[Result "0-1"]
[WhiteElo "1939"]
[BlackElo "1995"]
[PlyCount "104"]
[EventDate "2019.11.29"]
[EventType "swiss"]
[EventRounds "10"]
[EventCountry "ESP"]
[SourceTitle "Ajedrez en Madrid"]
[Source "lmi"]
[SourceDate "2019.11.30"]
[SourceVersion "1"]
[SourceVersionDate "2019.12.08"]
[SourceQuality "1"]

1. e4 e6 2. d4 d5 3. Be3 dxe4 4. Nd2 Nf6 5. f3 exf3 6. Ngxf3 Nbd7 7. Bd3 c5 8.
Qe2 Nd5 9. c3 Be7 10. O-O Nxe3 11. Qxe3 cxd4 12. cxd4 O-O 13. Kh1 Nb6 14. Ne5
f5 15. Rad1 Nd5 16. Qe2 a6 17. Bb1 Bd7 18. Nxd7 Qxd7 19. Nf3 Bf6 20. Ne5 Qe8
21. Rde1 g6 22. Nf3 Nc7 23. a3 Rf7 24. Qc4 Re7 25. Ba2 Kg7 26. h4 h5 27. Re2
Nd5 28. Qc1 Rc8 29. Qd2 Qc6 30. Rfe1 Rce8 31. Ng5 Qd6 32. Bxd5 exd5 33. Nf3 Re4
34. Rxe4 Rxe4 35. Rxe4 dxe4 36. Ng5 Bxg5 37. Qxg5 Qxd4 38. Qe7+ Kh6 39. Qxb7 e3
40. Qe7 f4 41. Qf8+ Kh7 42. Qf7+ Qg7 43. Qxf4 Qe7 44. Qf1 e2 45. Qe1 Qe3 46. g3
Kg7 47. Kg2 Kh6 48. b4 g5 49. hxg5+ Kxg5 50. a4 Kg4 51. b5 axb5 52. Qb4+ Kg5
0-1

[Event "Torneo de Benidorm sub 2000 2019"]
[Site "Benidorm ESP"]
[Date "2019.12.04"]
[Round "7.2"]
[White "Pousada Garcia, Daniel"]
[Black "Perez Garcia, Juan Angel"]
[Result "1-0"]
[WhiteElo "1891"]
[BlackElo "1999"]
[PlyCount "61"]
[EventDate "2019.11.29"]
[EventType "swiss"]
[EventRounds "10"]
[EventCountry "ESP"]
[SourceTitle "Ajedrez en Madrid"]
[Source "lmi"]
[SourceDate "2019.11.30"]
[SourceVersion "1"]
[SourceVersionDate "2019.12.08"]
[SourceQuality "1"]

1. Nf3 g6 2. g3 Bg7 3. Bg2 Nf6 4. O-O O-O 5. c4 d6 6. d4 Nbd7 7. Nc3 c5 8. e4
cxd4 9. Nxd4 Qb6 10. Ndb5 a6 11. Be3 Qa5 12. Nd4 Ne5 13. Qe2 Neg4 14. Bd2 Qb6
15. Nb3 e6 16. Rac1 Bd7 17. Rfd1 Rfc8 18. h3 Ne5 19. c5 dxc5 20. Be3 Bb5 21.
Nxb5 Qxb5 22. Qxb5 axb5 23. Rxc5 Nc4 24. Bd4 Rd8 25. e5 Nd7 26. Rxb5 Ndxe5 27.
Rc1 Rac8 28. Bxb7 Rc7 29. Bxe5 Bxe5 30. Rxe5 Nd2 31. Rxc7 1-0

[Event "Torneo de Benidorm sub 2000 2019"]
[Site "Benidorm ESP"]
[Date "2019.12.04"]
[Round "7.3"]
[White "Nahornyi, Ihor"]
[Black "Nilsson, Weine"]
[Result "1-0"]
[WhiteElo "1999"]
[BlackElo "1913"]
[PlyCount "51"]
[EventDate "2019.11.29"]
[EventType "swiss"]
[EventRounds "10"]
[EventCountry "ESP"]
[SourceTitle "Ajedrez en Madrid"]
[Source "lmi"]
[SourceDate "2019.11.30"]
[SourceVersion "1"]
[SourceVersionDate "2019.12.08"]
[SourceQuality "1"]

1. e4 c5 2. Nf3 e6 3. d4 cxd4 4. Nxd4 a6 5. Bd3 Qc7 6. O-O Nc6 7. Nxc6 dxc6 8.
Be3 Nf6 9. Nd2 Be7 10. a4 b6 11. a5 b5 12. c4 Nd7 13. Qc2 Qd6 14. cxb5 cxb5 15.
e5 Qb8 16. f4 Bb7 17. Rac1 f5 18. exf6 Nxf6 19. Ne4 Nd5 20. Bc5 O-O 21. Bxe7
Nxe7 22. Ng5 Qd6 23. Bxh7+ Kh8 24. Rcd1 Bd5 25. Bg8 Nf5 26. Bxe6 1-0

[Event "Torneo de Benidorm sub 2000 2019"]
[Site "Benidorm ESP"]
[Date "2019.12.04"]
[Round "7.4"]
[White "Panican, Gheorghe"]
[Black "Rojas Fernandez, Andres"]
[Result "0-1"]
[WhiteElo "1998"]
[BlackElo "1888"]
[PlyCount "134"]
[EventDate "2019.11.29"]
[EventType "swiss"]
[EventRounds "10"]
[EventCountry "ESP"]
[SourceTitle "Ajedrez en Madrid"]
[Source "lmi"]
[SourceDate "2019.11.30"]
[SourceVersion "1"]
[SourceVersionDate "2019.12.08"]
[SourceQuality "1"]

1. e4 e6 2. d4 d5 3. Nd2 Nf6 4. e5 Nfd7 5. f4 c5 6. c3 Nc6 7. Ndf3 cxd4 8. cxd4
Be7 9. Bd3 Nb6 10. Ne2 Bd7 11. a3 a5 12. b3 a4 13. b4 Na7 14. Nc3 Rc8 15. Bd2
Kf8 16. O-O Qe8 17. Qe2 Nc4 18. Be1 Nb5 19. Nxb5 Bxb5 20. Ng5 g6 21. Rf3 Kg7
22. Rh3 Bd7 23. Nf3 h5 24. Ng5 Qd8 25. Rg3 Be8 26. h4 b5 27. f5 Bxg5 28. Rxg5
exf5 29. Bxf5 Rc6 30. Bd3 Bd7 31. Bg3 Bg4 32. Qf2 Re8 33. Kh2 Qd7 34. Ra2 Rec8
35. Qf4 Qe6 36. Qf2 R8c7 37. Qe1 Nb6 38. Bxb5 Rc1 39. Qf2 Rd1 40. Bf4 Rc3 41.
Bd2 Rb3 42. Be2 Bxe2 43. Qxe2 Rbb1 44. Qf3 Rh1+ 45. Kg3 Rb3 46. Be3 Nc4 47. Re2
Rxa3 48. Kf2 Rb3 49. Qf6+ Qxf6+ 50. exf6+ Kxf6 51. Rxd5 Nxe3 52. Rxe3 Rxh4 53.
b5 Rf4+ 54. Ke2 Rb2+ 55. Kd3 Rxg2 56. Kc3 a3 57. b6 Rb2 58. Rd6+ Kg5 59. Kc4 a2
60. Ra3 Rf1 61. Rd5+ f5 62. Rb5 Rxb5 63. Kxb5 a1=Q 64. Rxa1 Rxa1 65. b7 Rb1+
66. Kc6 h4 67. d5 h3 0-1

[Event "Torneo de Benidorm sub 2000 2019"]
[Site "Benidorm ESP"]
[Date "2019.12.04"]
[Round "7.5"]
[White "Westerweele, Henrik"]
[Black "Gutierrez Abarrategui, Luis"]
[Result "1/2-1/2"]
[WhiteElo "1977"]
[BlackElo "1855"]
[PlyCount "41"]
[EventDate "2019.11.29"]
[EventType "swiss"]
[EventRounds "10"]
[EventCountry "ESP"]
[SourceTitle "Ajedrez en Madrid"]
[Source "lmi"]
[SourceDate "2019.11.30"]
[SourceVersion "1"]
[SourceVersionDate "2019.12.08"]
[SourceQuality "1"]

1. e4 c6 2. d4 d5 3. exd5 cxd5 4. c4 Nf6 5. Nc3 Nc6 6. Bg5 e6 7. Nf3 Be7 8. Bd3
O-O 9. O-O b6 10. Re1 Nb4 11. Bf1 dxc4 12. Bxc4 Bb7 13. Ne5 Nbd5 14. Qb3 Nxc3
15. bxc3 Nd5 16. Bxe7 Qxe7 17. Nf3 Rfd8 18. Bxd5 Rxd5 19. c4 Rh5 20. Re5 Rxe5
21. Nxe5 1/2-1/2